Detalles MARC
| 000 -CABECERA |
| campo de control de longitud fija |
01095nam a2200277 a 4500 |
| 001 - NÚMERO DE CONTROL |
| campo de control |
000027492 |
| 003 - IDENTIFICADOR DEL NÚMERO DE CONTROL |
| campo de control |
DO-SdBNP |
| 005 - FECHA Y HORA DE LA ÚLTIMA TRANSACCIÓN |
| campo de control |
20240307073947.0 |
| 007 - CAMPO FIJO DE DESCRIPCIÓN FÍSICA--INFORMACIÓN GENERAL |
| campo de control de longitud fija |
ta |
| 008 - DATOS DE LONGITUD FIJA--INFORMACIÓN GENERAL |
| campo de control de longitud fija |
110401s1942 dr 000 0 spa d |
| 040 ## - FUENTE DE LA CATALOGACIÓN |
| Centro catalogador/agencia de origen |
DO-SdBNP |
| Lengua de catalogación |
spa |
| Centro/agencia transcriptor |
BNPHU |
| 082 #4 - NÚMERO DE LA CLASIFICACIÓN DECIMAL DEWEY |
| Número de clasificación |
720.97293 |
| Número de documento/Ítem |
P171a |
| Número de edición |
22 |
| 100 1# - ENTRADA PRINCIPAL--NOMBRE DE PERSONA |
| Nombre de persona |
Palm, Erwin Walter, |
| Fechas asociadas al nombre |
1910- |
| 9 (RLIN) |
54572 |
| 245 13 - MENCIÓN DE TÍTULO |
| Título |
La arquitectura del Siglo XVIII en Santo Domingo / |
| Mención de responsabilidad, etc. |
Erwin Walter Palm. |
| 260 ## - PUBLICACIÓN, DISTRIBUCIÓN, ETC. |
| Lugar de publicación, distribución, etc. |
Ciudad Trujillo, República Dominicana : |
| Nombre del editor, distribuidor, etc. |
Montalvo, |
| Fecha de publicación, distribución, etc. |
1942. |
| 300 ## - DESCRIPCIÓN FÍSICA |
| Extensión |
24, [12] p. : |
| Otras características físicas |
il., retrs. ; |
| Dimensiones |
22 cm. |
| 490 ## - MENCIÓN DE SERIE |
| Mención de serie |
Publicaciones de la Universidad de Santo Domingo ; |
| Designación de volumen o secuencia |
21 |
| 500 ## - NOTA GENERAL |
| Nota general |
Ediciones del ix Cincuentenario del Descubrimiento de América |
| 500 ## - NOTA GENERAL |
| Nota general |
Incluye referencias bibliográficas y notas al pie de las páginas |
| 590 ## - NOTA LOCAL (RLIN) |
| Nota local |
Inventariado, 2019/VM |
| 650 #4 - PUNTO DE ACCESO ADICIONAL DE MATERIA--TÉRMINO DE MATERIA |
| Término de materia o nombre geográfico como elemento de entrada |
Arquitectura |
| Subdivisión geográfica |
República Dominicana |
| Subdivisión general |
Historia |
| Subdivisión cronológica |
SIGLO XVIII |
| 9 (RLIN) |
54573 |
| 710 1# - PUNTO DE ACCESO ADICIONAL--NOMBRE DE ENTIDAD CORPORATIVA |
| Nombre de entidad corporativa o nombre de jurisdicción como elemento de entrada |
Universidad Autónoma de Santo Domingo |
| 9 (RLIN) |
72951 |
| 830 #0 - PUNTO DE ACCESO ADICIONAL DE SERIE-TÍTULO UNIFORME |
| Título uniforme |
Publicaciones de la Universidad de Santo Domingo |
| 9 (RLIN) |
818 |
| 910 ## - DATOS DE OPCIÓN DEL USUARIO (OCLC) |
| Datos de opción del usuario |
Validado. Control de calidad MFF |
| 942 ## - ELEMENTOS DE PUNTO DE ACCESO ADICIONAL (KOHA) |
| Fuente del sistema de clasificación o colocación |
Dewey Decimal Classification |
| Tipo de ítem Koha |
Libro |